Random Country Shapes - Statistics

General Stats
  • This quiz has been taken 121 times
    38 since last reset
  • The average score is 39 of 44
Answer Stats
Picture Answer % Correct
Australia
100%
Chile
100%
China
100%
Cuba
100%
France
100%
Indonesia
100%
Italy
100%
New Zealand
100%
Norway
100%
Panama
100%
Russia
100%
United States
100%
Canada
97%
Croatia
97%
Germany
97%
Greece
97%
India
97%
Japan
97%
Thailand
97%
Turkey
97%
United Kingdom
97%
Vietnam
97%
Denmark
93%
Mexico
93%
Bangladesh
90%
Haiti
90%
Laos
90%
Malaysia
90%
Portugal
90%
South Africa
90%
Spain
90%
Eritrea
87%
Estonia
87%
North Korea
87%
Pakistan
87%
Uzbekistan
87%
South Korea
83%
Kazakhstan
80%
Central African Republic
73%
Malta
70%
Maldives
67%
Azerbaijan
63%
Nigeria
53%
Bangaldesh
10%
No matching quizzes found
Score Distribution
Percent of People with Each Score
Percentile by Number Answered
Your Score History
You have not taken this quiz since the last reset